000 00398nam a2200157Ia 4500
003 GCL
008 140319s9999 xx 000 0 eng d
040 _aGCL /
_cGCL
082 0 4 _a746.44
_bG C
100 1 _aGOSTELOW, MARY
245 1 0 _aTHE COATS BOOK OF EMBROIDERY /
_cGOSTELOW, MARY
260 _a[S.N] :
_bDAVID & CHARLES ،
_c1979
300 _a247
650 0 4 _aEMBROIDERY
942 _2ddc
_cBK
999 _c17249
_d17249